00000000nam##2200000za#4500
0019.657413
003CaOODSP
00520241125144231
007ta
008150407|1995||||xxc|||||     f|0| 0 eng|d
020 |a0-662-61619-7
040 |aCaOODSP|beng
041 |aeng
041 |afre
043 |an-cn---
0861 |aE2-148/1995
1101 |aCanada. |bForeign Affairs and International Trade Canada.
24510|aGovernment response to the recommendations of the Special Joint Parliamentary Committee Reviewing Canadian Foreign Policy
260 |aOttawa - Ontario : |bForeign Affairs and International Trade |c1995.
300 |aEnglish text, 100p. ; |c28 cm.
500 |a"The following document contains the Government's response to each recommendation of the Report of the Special Joint Parliamentary Committee reviewing Canadian Foreign Policy, entitled Canada's foreign policy: principles and priorities for the future [Cat. No. YC3-351/5-52, ISBN 0-660-59773-X]."--Page 1.
5203 |aThe following document contains the Government's response to each recommendation of the Report of the Special Joint Parliamentary Committee reviewing Canadian Foreign Policy, entitled Canada's foreign policy: principles and priorities for the future [Cat. No. YC3-351/5-52, ISBN 0-660-59773-X].--Page 1
546 |aBilingual
563 |aSoftcover
590 |a95-06|b1995-02-10
69007|aForeign policy|2gcpds
7760#|tGovernment response to the recommendations of the Special Joint Parliamentary Committee Reviewing Canadian Foreign Policy.|w(CaOODSP)9.945541
792 |tRéponse du gouvernement aux recommandations du Comité parlementaire mixte spécial chargé de l'examen de la politique étrangère du Canada |efre|w(CaOODSP)9.657414